000
00323nam a2200133Ia 4500
008
191201s2019 xx 000 0 und d
082
_a
621.26 RAF
100
_a
RATTAN, SS
245
0
_a
Fluid Mechanics and Hydraulic Machines
250
_a
rep
260
_b
Khanna Publisher
_a
NEW DELHI
300
_a
735
942
_2
ddc
_c
BK
999
_c
8190
_d
8190